<?xml version="1.0" encoding="UTF-8"?><?xml-stylesheet type="text/xsl" href="static/style.xsl"?><OAI-PMH xmlns="http://www.openarchives.org/OAI/2.0/" xmlns:xsi="http://www.w3.org/2001/XMLSchema-instance" xsi:schemaLocation="http://www.openarchives.org/OAI/2.0/ http://www.openarchives.org/OAI/2.0/OAI-PMH.xsd"><responseDate>2026-06-06T04:02:19Z</responseDate><request verb="GetRecord" identifier="oai:riuma.uma.es:10630/13305" metadataPrefix="marc">https://riuma.uma.es/rest/oai/request</request><GetRecord><record><header><identifier>oai:riuma.uma.es:10630/13305</identifier><datestamp>2026-02-03T10:23:21Z</datestamp><setSpec>com_10630_1685</setSpec><setSpec>col_10630_38055</setSpec></header><metadata><record xmlns="http://www.loc.gov/MARC21/slim" xmlns:dcterms="http://purl.org/dc/terms/" xmlns:doc="http://www.lyncode.com/xoai" xmlns:xsi="http://www.w3.org/2001/XMLSchema-instance" xsi:schemaLocation="http://www.loc.gov/MARC21/slim http://www.loc.gov/standards/marcxml/schema/MARC21slim.xsd">
   <leader>00925njm 22002777a 4500</leader>
   <datafield ind2=" " ind1=" " tag="042">
      <subfield code="a">dc</subfield>
   </datafield>
   <datafield ind2=" " ind1=" " tag="720">
      <subfield code="a">Reyes Rosado, Álvaro Rodrigo</subfield>
      <subfield code="e">author</subfield>
   </datafield>
   <datafield ind2=" " ind1=" " tag="260">
      <subfield code="c">2017-03-17</subfield>
   </datafield>
   <datafield ind2=" " ind1=" " tag="520">
      <subfield code="a">Desde las filtraciones sobre programas espías y la creación de páginas como WikiLeaks los usuarios de Internet toman más conciencia sobre sus datos personales y lo que significa estar conectados a la red, pero de nada sirve si los sistemas en los confían están desprotegidos. Para ello existen los profesionales que trabajan en la seguridad de la información y que deben estar al día en las últimas técnicas que utilizan los atacantes para desarrollar las defensas necesarias, algo que es difícil profundizar en un curso universitario por el tipo de contenido.&#xd;
En este proyecto se describen diferentes técnicas de ataques informáticos tanto a nivel de aplicación como de red, indagando sobre todo en las posibilidades que tienen los criminales para la interceptación de información y la alteración maliciosa en servicios web, con la diferenciación de la tecnología IP subyacente, separando los ataques con IPv4 de los realizados con IPv6. Se describen los primeros pasos que un atacante puede dar para vulnerar un sistema, cómo se realizan las técnicas de ataque más conocidas, cómo hay que defender un sistema tanto en general como para algunas de las técnicas vistas y una revisión de redes segmentadas comunes, características y ventajas/desventajas desde el punto de vista de la seguridad informática.</subfield>
   </datafield>
   <datafield ind1="8" ind2=" " tag="024">
      <subfield code="a">http://hdl.handle.net/10630/13305</subfield>
   </datafield>
   <datafield tag="653" ind2=" " ind1=" ">
      <subfield code="a">Seguridad informática</subfield>
   </datafield>
   <datafield tag="653" ind2=" " ind1=" ">
      <subfield code="a">Delitos por ordenador</subfield>
   </datafield>
   <datafield tag="653" ind2=" " ind1=" ">
      <subfield code="a">Informática - Trabajos Fin de Grado</subfield>
   </datafield>
   <datafield tag="653" ind2=" " ind1=" ">
      <subfield code="a">Grado en Ingeniería Informática - Trabajos Fin de Grado</subfield>
   </datafield>
   <datafield ind2="0" ind1="0" tag="245">
      <subfield code="a">Ataques en redes de datos IPv4 e IPv6</subfield>
   </datafield>
</record>
</metadata></record></GetRecord></OAI-PMH>